000 00631nam a2200229Ia 4500
001 529
003 GE_BSU
008 181216s||||||||xx |||||||||||||| ||und||
020 _a9789941404986
040 _cGE_BSU
080 _a342.7
245 _aეს შენი უფლებაა
245 _cრედ. ხარებავა მადონა
260 _aთბილისი
260 _bნეკერი
260 _c2009
300 _a84 გვ.
541 _h4 ლ.
653 _aბავშვთა უფლებები
653 _aეს შენი უფლებაა
942 _cBK
999 _c34740
_d34740